|
|
|
|
| LEADER |
00000nab a2200000ua 4500 |
| 001 |
vtls010842605 |
| 003 |
SK-MaSNL |
| 005 |
20260303144056.0 |
| 008 |
230222s1978 xo |||||||||||||||||eng| |
| 035 |
|
|
|a (urnnbn)urn:nbn:sk:snk:ar-a06zpu
|
| 035 |
|
|
|a urn:nbn:sk:snk-ab64vx
|
| 035 |
|
|
|a (uuid)53bc333c-c996-42ca-9dd7-16aa90ca32f6
|
| 040 |
|
|
|a SNKBUCL
|b slo
|c SNKBUCL
|e AACR2
|
| 041 |
0 |
|
|a eng
|
| 044 |
|
|
|a xo
|c SK
|
| 100 |
1 |
|
|a Genzor, Jozef,
|d 1939-2019
|4 aut
|9 100096
|
| 245 |
1 |
0 |
|a Baryshnikova, O. G.-Zhulev, I. F.: Filippiny (Philippines)
|c Jozef Genzor
|
| 773 |
0 |
|
|t Asian and African studies
|g Roč. 14, č. 1 (1978), s. 205-206
|
| 958 |
|
|
|a OND
|
| 958 |
|
|
|a EUIPO
|
| 958 |
|
|
|a article5
|
| 999 |
|
|
|c 1994213
|d 1996143
|